000 01023nam a2200217 i 4500
001 186087
003 ES-MaACL
005 20250927121604.0
008 160907s1935 fr |||| | fre d
100 1 _aBalzac, Honoré de,
_d1799-1850
_925139
245 1 3 _aLa comédie humaine.
_nI,
_pÉtudes des moeurs. Scènes de la vie privée. I /
_cBalzac ; texte établi et préfacé par Marcel Bouteron.
260 _a[Paris] :
_bÉd. de la Nouvelle Revue française,
_c1935.
300 _aXXXV, 1065 p. ;
_c18 cm.
490 1 _aBibliothèque de la Pléiade ;
_v26
505 8 _aContiene: La maison du Chat-qui-pelote ; Le bal de Sceaux ; Mémoires de deux jeunes mariées ; La bourse ; Modeste Mignon ; Un début dans la vie ; Albert Savarus ; La Vendetta ; Une double famille ; La paix du ménage ; Madame Firmiani ; Étude de femme
700 1 _aBouteron, Marcel,
_d1877-1962
_9160767
830 0 _aBibliothèque de la Pléiade ;
_v26
_9180233
852 _aES-MaACL
_jE-5146
942 _2udc
999 _c186087
_d186087